00366nam a2200121Ia 45000010005000000080041000050820030000461000066000762450033001422600027001759010027002029990015002291959241024s9999 xx 000 0 und d aRD/374.26/R426c/2006-2007 aRepública Dominicana. Secretaría de Estado de Educación 0aCalendario escolar 2006-2007 bEd. Alfa & Omegac2006 a5/10/2011 9:58:52 a.m. c8487d8487